Online
Catalog

Diario : (Record no. 22759)

MARC details
000 -CABECERA
campo de control de longitud fija 01122nam a2200277 a 4500
001 - NÚMERO DE CONTROL
campo de control 000023262
005 - FECHA Y HORA DE LA ÚLTIMA TRANSACCIÓN
campo de control 20200930022109.0
008 - DATOS DE LONGITUD FIJA--INFORMACIÓN GENERAL
campo de control de longitud fija 101201s1991 sp ac 000 j spa d
020 ## - NÚMERO INTERNACIONAL ESTÁNDAR DEL LIBRO
Número Internacional Estándar del Libro 8420632570
040 ## - FUENTE DE LA CATALOGACIÓN
Centro catalogador/agencia de origen DO-SdBNP
Lengua de catalogación spa
Centro/agencia transcriptor BNPHU
082 ## - NÚMERO DE LA CLASIFICACIÓN DECIMAL DEWEY
Número de clasificación 863.6
Número de documento/Ítem C199d
049 ## - FONDOS LOCALES (OCLC)
Fondos de biblioteca BNGR
100 1# - ENTRADA PRINCIPAL--NOMBRE DE PERSONA
Nombre de persona Camprubí de Jiménez , Zenobia,
Fechas asociadas al nombre 1887-1956.
9 (RLIN) 47896
245 10 - MENCIÓN DE TÍTULO
Título Diario :
Resto del título 1. Cuba (1937-1939) /
Mención de responsabilidad, etc. Zenobia Camprubí ; traducción, introducción y notas de Graciela Palau de Nemes.
260 ## - PUBLICACIÓN, DISTRIBUCIÓN, ETC.
Lugar de publicación, distribución, etc. Madrid :
Nombre del editor, distribuidor, etc. Alianza Editorial ;
-- Editorial de la Universidad de Puerto Rico,
Fecha de publicación, distribución, etc. 1991.
300 ## - DESCRIPCIÓN FÍSICA
Extensión 361 p. :
Otras características físicas il. ;
Dimensiones 20 cm.
490 1# - MENCIÓN DE SERIE
Mención de serie Alianza tres
Designación de volumen o secuencia 257
504 ## - NOTA DE BIBLIOGRAFÍA, ETC.
Nota de bibliografía, etc. Incluye referencias bibliográficas y notas al pie de las páginas.
500 ## - NOTA GENERAL
Nota general Incluye bibliografías e índice.
610 10 - PUNTO DE ACCESO ADICIONAL DE MATERIA--NOMBRE DE ENTIDAD CORPORATIVA
Nombre de entidad corporativa o nombre de jurisdicción como elemento de entrada CAMPRUBÍ DE JIMÉNEZ, ZENOBIA,
Fecha del congreso/reunión o de la firma de un tratado 1881-1958
Subdivisión general AUTOBIOGRAFÍAS
9 (RLIN) 47897
600 10 - PUNTO DE ACCESO ADICIONAL DE MATERIA--NOMBRE DE PERSONA
Nombre de persona JIMÉNEZ, JUAN RAMÓN,
Fechas asociadas al nombre 1881-1958
Subdivisión general MATRIMONIO
-- BIOGRAFÍAS
9 (RLIN) 47898
650 #4 - PUNTO DE ACCESO ADICIONAL DE MATERIA--TÉRMINO DE MATERIA
Término de materia o nombre geográfico como elemento de entrada Novela española
9 (RLIN) 1123
650 #4 - PUNTO DE ACCESO ADICIONAL DE MATERIA--TÉRMINO DE MATERIA
Término de materia o nombre geográfico como elemento de entrada Literatura española
9 (RLIN) 632
700 1# - PUNTO DE ACCESO ADICIONAL--NOMBRE DE PERSONA
Nombre de persona Palau de Nemes, Graciela,
Término indicativo de función/relación tr.
9 (RLIN) 47899
830 #0 - PUNTO DE ACCESO ADICIONAL DE SERIE-TÍTULO UNIFORME
Título uniforme Alianza tres ;
Designación de volumen o secuencia 257
9 (RLIN) 21396
Holdings
Estado de retiro Estado de pérdida Restricciones de uso No para préstamo Código de colección Localización permanente Ubicación/localización actual Ubicación en estantería Fecha de adquisición Número de inventario Total de préstamos Signatura topográfica completa Código de barras Fecha visto por última vez Precio válido a partir de Tipo de ítem Koha Número de copia
    Préstamo interno   Monografías: Libros y Folletos General General En catalogación 01.12.2010 LF1   863.6 C199d 23262-10 25.06.2020 25.06.2020 Préstamo interno  
    Préstamo interno Préstamo restrigido Monografías: Libros y Folletos General General En catalogación 01.12.2010 LF1   863.6 C199d 23262-20 25.06.2020 25.06.2020 Préstamo interno e.2

Powered by Koha